LEADER 01310nam a2200277 u 4500 001 000000077478 003 CaOOAMICUS 005 20070226123326.0 008 040206s1932 gw h u000 u lat u 035 $a10983703 040 $aPUL(R)$bita 100 1 $aEhrle, Franz,$ccard.,$d1845-1934.$0(OLS)http://pul/name/4711 245 10$aSpecimina codicum Latinorum Vaticanorum /$ccollegerunt Franciscus Ehrle, S.J., et Paulus Liebaert. 250 $aEditio iterata. 260 $aBerolini et Lipsiae :$bApud W. de Gruyter et socios,$c1932. 300 $axl p. :$b50 tav. (facs.) ;$c30 cm 490 1 $aTabulae in usum scholarum ;$v3 650 4$aManoscritti latini$xCataloghi.$0(OLS)http://pul/subject/35 700 1 $aLiebaert, Paul,$csac.,$d1883-1915.$0(OLS)http://pul/name/51508 710 2 $aBiblioteca apostolica vaticana.$0(OLS)http://pul/name/211 830 0$aTabulae in usum scholarum ;$v3.$0(OLS)http://pul/title/9975 850 $aPUL 852 $aPUL$W1$xDP1 Cons. Gen., Altre Classi 1$y22$m139 D 3$j99513$nBK-PRI$b $qStampati$B99513$CPULBib$Z2$F99513 $H $81 941 1 $a8 996 $6245$aSpecimina codicum Latinorum Vaticanorum$9(OLS)http://pul/title/101595 996 $6260$aBerolini et Lipsiae :$bApud W. de Gruyter et socios$9(OLS)http://pul/publisher/75125 LEADER 02476nam a2200373 u 4500 001 000000116229 003 CaOOAMICUS 005 20090616114017.0 008 090616m20099999it u000 u ita r 040 $aPUL$bita$dLDB 245 03$aLa giurisprudenza sul codice civile coordinata con la dottrina :$baggiornamento 2005-2008 /$cCesare Ruperto. 260 $aMilano :$bGiuffrè,$c<2009->. 300 $a7 v. ;$c24 cm 500 $aComprende indici. 505 1 $av. Disposizioni sulla legge in generale / M. Finocchiaro -- v 1. Delle persone e della famiglia (artt. 1-455) / a cura di Achille De Nitto ... [et al.] -- v. 2. Delle successioni (artt. 456-809) / a cura di Corrado Carnevale, Ulpiano Morcavallo, Roberto Triola, con il coordinamento di Saverio Ruperto. -- v 3. Della proprietà (artt. 810-1172) / C. Bile ... [eta al.]. -- v. 4. Delle obbligazioni (artt. 1173-2059) / U. Bellini ... [et al.]. -- v. 5. Del lavoro (artt. 2060-2642) / G. Amoroso ... [et al.]. -- v. 6.Della tutela dei diritti (artt. 2643-2969) / G. Finocchiaro, R. Frasca, F. Roselli. 630 04$aCodice civile$9(Italia).$0(OLS)http://pul/subject/19974 700 1 $aRuperto, Cesare.$0(OLS)http://pul/name/40821 700 1 $aFinocchiaro, Mario.$0(OLS)http://pul/name/11585 700 1 $aCarnevale, Corrado.$0(OLS)http://pul/name/72183 700 1 $aDe Nitto, Achille.$0(OLS)http://pul/name/72182 700 1 $aMorcavallo, Ulpiano.$0(OLS)http://pul/name/72184 700 1 $aTriola, Roberto.$0(OLS)http://pul/name/35852 700 1 $aBile, C.$0(OLS)http://pul/name/72185 700 1 $aBellini, Ubaldo.$0(OLS)http://pul/name/72186 700 1 $aFinocchiaro, Giuseppe,$d1970-$0(OLS)http://pul/name/72188 700 1 $aFrasca, Raffaele.$0(OLS)http://pul/name/72189 700 1 $aRoselli, Federico,$d1967-$0(OLS)http://pul/name/72190 700 1 $aAmoroso, Giovanni,$d1949-$0(OLS)http://pul/name/72187 850 $aPUL 852 $aPUL$W1$xSL Diritto e Scienze Sociali 3$y79$m346. 45002 RUPCE 1.1$j133171$av. 1$qDDC 21$B132196$CPULBib$Z2$F132196 $H110655 $82 852 $aPUL$W1$xSL Diritto e Scienze Sociali 3$y79$m346. 45002 RUPCE 1.2$j133172$av. 2$qDDC 21$B132197$CPULBib$Z2$F132197 $H110656 $82 941 1 $a9 996 $6245$aLa giurisprudenza sul codice civile coordinata con la dottrina :$baggiornamento 2005-2008$9(OLS)http://pul/title/146069 996 $6260$aMilano :$bGiuffrè$9(OLS)http://pul/publisher/48401